Inorganic Pharmaceutical Chemistry (Record no. 6244)

MARC details
000 -LEADER
fixed length control field 00415nam a22001577a 4500
005 - DATE AND TIME OF LATEST TRANSACTION
control field 20230119122452.0
008 - FIXED-LENGTH DATA ELEMENTS--GENERAL INFORMATION
fixed length control field 200517b xxu||||| |||| 00| 0 eng d
041 ## - LANGUAGE CODE
Language code of text/sound track or separate title eng
082 ## - DEWEY DECIMAL CLASSIFICATION NUMBER
Classification number 615 RAO
100 ## - MAIN ENTRY--AUTHOR NAME
Personal name RAO Dr. G DEVALA
245 ## - TITLE STATEMENT
Title Inorganic Pharmaceutical Chemistry
260 ## - PUBLICATION, DISTRIBUTION, ETC. (IMPRINT)
Place of publication New Delhi
Name of publisher CBS Publishers and distributors
Year of publication 2020
300 ## - PHYSICAL DESCRIPTION
Number of Pages 192
650 ## - SUBJECT ADDED ENTRY--TOPICAL TERM
Topical Term Pharmacy
General subdivision B.PHARMA
942 ## - ADDED ENTRY ELEMENTS (KOHA)
Koha item type Books
Holdings
Lost status Damaged status Collection code Home library Current library Shelving location Date acquired Source of acquisition Cost, normal purchase price Full call number Accession Number Koha item type
    Reference JRU Library JRU Library SHELF-17-E 17/05/2020 PURCHASE 200.00 615 RAO 23944 Books
    PHARMACY JRU Library JRU Library SHELF-17-E 17/05/2020 PURCHASE 200.00 615 RAO 23945 Books
    PHARMACY JRU Library JRU Library SHELF-17-E 17/05/2020 PURCHASE 200.00 615 RAO 23946 Books